| 000 | 008170000a22002050004500 | ||
|---|---|---|---|
| 082 | 0 | 4 | _aG 270.2092 S24e |
| 100 | 1 | _aSellers, R. V. | |
| 245 | 1 | 0 | _aEustathius of Antioch and his place in the early history of Christian doctrine / R. V. Sellers |
| 260 | _aCambridge, England : At the University Press | ||
| 300 | _a124 páginas | ||
| 500 | _aIncluye índice (p. 121-124) | ||
| 501 | _aPasta dura | ||
| 505 | 0 | 0 | _aEl trasfondo - Ataque de Eustacio contra el partido de Eusebio de Nicomedia - La caída de Eustacio - Las obras y exégesis de Eustacio - La enseñanza de Eustacio acerca de Dios - La cristología de Eustacio |
| 650 | 1 | 4 | _aTeólogos - Biografías |
| 001 | 19765 | ||
| 942 | _cBK | ||
| 999 |
_c46127 _d46127 |
||
| 336 |
_atexto _btxt _2rdacontent |
||
| 337 |
_2rdamedia _asin mediación _bn |
||
| 338 |
_2rdacarrier _avolumen _bnc |
||